<?xml version='1.0' encoding='UTF-8'?>
  <record xmlns="http://www.loc.gov/MARC21/slim">
    <leader>00000cam a2200000 a 4500</leader>
    <controlfield tag="001">ocm04026391</controlfield>
    <controlfield tag="003">OCoLC</controlfield>
    <controlfield tag="005">20250902091355.6</controlfield>
    <controlfield tag="008">780706s1853    au af    b    000 0 ger d</controlfield>
    <datafield tag="040" ind1=" " ind2=" ">
      <subfield code="a">IUL</subfield>
      <subfield code="b">eng</subfield>
      <subfield code="c">IUL</subfield>
      <subfield code="d">OCLCQ</subfield>
      <subfield code="d">OCLCG</subfield>
      <subfield code="d">KRTAS</subfield>
      <subfield code="d">AU@</subfield>
      <subfield code="d">UIU</subfield>
      <subfield code="d">ZWZ</subfield>
      <subfield code="d">GBVCP</subfield>
      <subfield code="d">OCLCQ</subfield>
      <subfield code="d">OCLCF</subfield>
      <subfield code="d">OCLCQ</subfield>
      <subfield code="d">QGJ</subfield>
      <subfield code="d">OCLCO</subfield>
      <subfield code="d">OCLCQ</subfield>
      <subfield code="d">OCLCL</subfield>
      <subfield code="d">CLU</subfield>
      <subfield code="d">OCLCO</subfield>
      <subfield code="d">OCLCL</subfield>
      <subfield code="d">OCLCQ</subfield>
    </datafield>
    <datafield tag="019" ind1=" " ind2=" ">
      <subfield code="a">222955609</subfield>
      <subfield code="a">1002880207</subfield>
    </datafield>
    <datafield tag="029" ind1="1" ind2=" ">
      <subfield code="a">AU@</subfield>
      <subfield code="b">000022054532</subfield>
    </datafield>
    <datafield tag="029" ind1="1" ind2=" ">
      <subfield code="a">ZWZ</subfield>
      <subfield code="b">018655149</subfield>
    </datafield>
    <datafield tag="035" ind1=" " ind2=" ">
      <subfield code="a">(OCoLC)4026391</subfield>
      <subfield code="z">(OCoLC)222955609</subfield>
      <subfield code="z">(OCoLC)1002880207</subfield>
    </datafield>
    <datafield tag="043" ind1=" " ind2=" ">
      <subfield code="a">e-au---</subfield>
    </datafield>
    <datafield tag="050" ind1=" " ind2="4">
      <subfield code="a">QE266</subfield>
      <subfield code="b">.K65 v.2, pt.3, no.2</subfield>
    </datafield>
    <datafield tag="082" ind1="0" ind2="4">
      <subfield code="a">561</subfield>
      <subfield code="1">https://id.oclc.org/worldcat/ddc/E3FMwVBdD3d78BXtrbKd98RV97</subfield>
    </datafield>
    <datafield tag="084" ind1=" " ind2=" ">
      <subfield code="a">13</subfield>
      <subfield code="2">ssgn</subfield>
    </datafield>
    <datafield tag="100" ind1="1" ind2=" ">
      <subfield code="a">Ettingshausen, Constantin,</subfield>
      <subfield code="c">Freiherr von,</subfield>
      <subfield code="d">1826-1897.</subfield>
      <subfield code="1">https://id.oclc.org/worldcat/entity/E39PBJmhRvytK4h474k4J4MVmd</subfield>
    </datafield>
    <datafield tag="245" ind1="1" ind2="4">
      <subfield code="a">Die tertiäre Flora von Häring in Tirol /</subfield>
      <subfield code="c">von Constantin v. Ettingshausen ; mit ein und dreissig lithographirten Tafeln.</subfield>
    </datafield>
    <datafield tag="246" ind1="3" ind2=" ">
      <subfield code="a">Fossile Flora von Häring</subfield>
    </datafield>
    <datafield tag="260" ind1=" " ind2=" ">
      <subfield code="a">[Wien] :</subfield>
      <subfield code="b">[Aus der K.K. Hof- und Staatsdruckerei],</subfield>
      <subfield code="c">[1853]</subfield>
    </datafield>
    <datafield tag="300" ind1=" " ind2=" ">
      <subfield code="a">118 pages, 31 leaves of plates :</subfield>
      <subfield code="b">color illustrations ;</subfield>
      <subfield code="c">36 cm</subfield>
    </datafield>
    <datafield tag="336" ind1=" " ind2=" ">
      <subfield code="a">text</subfield>
      <subfield code="b">txt</subfield>
      <subfield code="2">rdacontent</subfield>
    </datafield>
    <datafield tag="337" ind1=" " ind2=" ">
      <subfield code="a">unmediated</subfield>
      <subfield code="b">n</subfield>
      <subfield code="2">rdamedia</subfield>
    </datafield>
    <datafield tag="338" ind1=" " ind2=" ">
      <subfield code="a">volume</subfield>
      <subfield code="b">nc</subfield>
      <subfield code="2">rdacarrier</subfield>
    </datafield>
    <datafield tag="490" ind1="1" ind2=" ">
      <subfield code="a">Abhandlungen der K.K. Geologischen Reichsanstalt ;</subfield>
      <subfield code="v">Bd. 2, Abth. 3, Nr. 2</subfield>
    </datafield>
    <datafield tag="500" ind1=" " ind2=" ">
      <subfield code="a">Caption title.</subfield>
    </datafield>
    <datafield tag="504" ind1=" " ind2=" ">
      <subfield code="a">Includes bibliographical references (page 110).</subfield>
    </datafield>
    <datafield tag="546" ind1=" " ind2=" ">
      <subfield code="a">In German.</subfield>
    </datafield>
    <datafield tag="650" ind1=" " ind2="0">
      <subfield code="a">Paleobotany</subfield>
      <subfield code="y">Tertiary.</subfield>
    </datafield>
    <datafield tag="650" ind1=" " ind2="0">
      <subfield code="a">Paleobotany</subfield>
      <subfield code="z">Austria</subfield>
      <subfield code="z">Tyrol.</subfield>
    </datafield>
    <datafield tag="650" ind1=" " ind2="6">
      <subfield code="a">Paléobotanique</subfield>
      <subfield code="y">Tertiaire.</subfield>
    </datafield>
    <datafield tag="650" ind1=" " ind2="6">
      <subfield code="a">Paléobotanique</subfield>
      <subfield code="z">Autriche</subfield>
      <subfield code="z">Tyrol.</subfield>
    </datafield>
    <datafield tag="650" ind1=" " ind2="7">
      <subfield code="a">Paleobotany</subfield>
      <subfield code="2">fast</subfield>
    </datafield>
    <datafield tag="650" ind1=" " ind2="7">
      <subfield code="a">Tertiary Geologic Period</subfield>
      <subfield code="2">fast</subfield>
    </datafield>
    <datafield tag="651" ind1=" " ind2="7">
      <subfield code="a">Austria</subfield>
      <subfield code="z">Tyrol</subfield>
      <subfield code="2">fast</subfield>
      <subfield code="1">https://id.oclc.org/worldcat/entity/E39QbtfRq3VCcpmbMWQFm9kY4Y</subfield>
    </datafield>
    <datafield tag="648" ind1=" " ind2="7">
      <subfield code="a">From 2 to 65 million years ago</subfield>
      <subfield code="2">fast</subfield>
    </datafield>
    <datafield tag="650" ind1=" " ind2="7">
      <subfield code="a">Paléobotanique</subfield>
      <subfield code="z">Allemagne.</subfield>
      <subfield code="2">ram</subfield>
    </datafield>
    <datafield tag="650" ind1=" " ind2="7">
      <subfield code="a">Tertiaire (ère géologique)</subfield>
      <subfield code="2">ram</subfield>
    </datafield>
    <datafield tag="758" ind1=" " ind2=" ">
      <subfield code="i">has work:</subfield>
      <subfield code="a">Die tertiäre Flora von Häring in Tirol (Text)</subfield>
      <subfield code="1">https://id.oclc.org/worldcat/entity/E39PCGGfPFx7H73jHPXCR3vjyb</subfield>
      <subfield code="4">https://id.oclc.org/worldcat/ontology/hasWork</subfield>
    </datafield>
    <datafield tag="776" ind1="0" ind2="8">
      <subfield code="i">Online version:</subfield>
      <subfield code="a">Ettingshausen, Constantin, Freiherr von, 1826-1897.</subfield>
      <subfield code="t">Tertiäre Flora von Häring in Tirol.</subfield>
      <subfield code="d">[Wien : Aus der K.K. Hof- und Staatsdruckerei, 1853]</subfield>
      <subfield code="w">(OCoLC)793984712</subfield>
    </datafield>
    <datafield tag="830" ind1=" " ind2="0">
      <subfield code="a">Abhandlungen der K.K. Geologischen Reichsanstalt ;</subfield>
      <subfield code="v">Bd. 2, Abth. 3, Nr. 2.</subfield>
    </datafield>
    <datafield tag="938" ind1=" " ind2=" ">
      <subfield code="a">Kirtas Technologies, Inc.</subfield>
      <subfield code="b">KRTS</subfield>
      <subfield code="n">243822</subfield>
    </datafield>
  </record>